Manažérska informatika
Enregistré dans:
| Auteur principal: | |
|---|---|
| Collectivité auteur: | |
| Format: | Livre |
| Langue: | slovaque |
| Publié: |
Bratislava
EU
1992
|
| Édition: | 1. vyd. |
| Sujets: | |
| Tags: |
Pas de tags, Soyez le premier à ajouter un tag!
|
MARC
| LEADER | 00000nam a2200000 4500 | ||
|---|---|---|---|
| 001 | c005011 | ||
| 005 | 20221214085913.0 | ||
| 020 | |a 80-225-0376-2 | ||
| 041 | 0 | |a slo | |
| 044 | |a SK | ||
| 245 | 1 | 0 | |a Manažérska informatika |c Elvíra Dudinská |
| 250 | |a 1. vyd. | ||
| 264 | 1 | |a Bratislava |b EU |c 1992 | |
| 300 | |a 192 s. | ||
| 610 | 2 | 0 | |a informatika |
| 610 | 2 | 0 | |a systémy informačné |
| 610 | 2 | 0 | |a riadenie podnikové |
| 610 | 2 | 0 | |a stratégia podniková |
| 610 | 2 | 0 | |a trh |
| 610 | 2 | 0 | |a výskum trhu |
| 610 | 2 | 0 | |a odbyt |
| 610 | 2 | 0 | |a politika cenová |
| 610 | 2 | 0 | |a financie podnikové |
| 610 | 2 | 0 | |a systémy expertné |
| 610 | 2 | 0 | |a inteligencia umelá |
| 610 | 2 | 0 | |a systémy informačné podnikové |
| 610 | 2 | 0 | |a manažment |
| 100 | 1 | |a Dudinská, Elvíra | |
| 710 | 2 | |a Ekonomická univerzita v Bratislave. Podnikovohospodárska fakulta so sídlom v Košiciach | |